书目信息 |
| 题名: |
光化学和光物理
|
|
| 作者: | 巴尔扎尼 , 切罗尼 , 尤里斯 著 ;马骧 , 田禾 译 | |
| 分册: | ||
| 出版信息: | 上海 华东理工大学出版社有限公司 2017.11 |
|
| 页数: | 395页 | |
| 开本: | 24cm | |
| 丛书名: | 经典化学高等教育译丛 | |
| 单 册: | ||
| 中图分类: | O644.1 , O43 | |
| 科图分类: | ||
| 主题词: | 光化学--研究 , 光学--研究 | |
| 电子资源: | ||
| ISBN: | 978-7-5628-4885-1 | |
| 000 | 01547oam2 2200349 450 | |
| 001 | 1294 | |
| 005 | 20180927172829.34 | |
| 010 | @a978-7-5628-4885-1@b精装@dCNY138.00 | |
| 100 | @a20180217d2017 em y0chiy50 ea | |
| 101 | 1 | @achi@cita |
| 102 | @aCN@b310000 | |
| 105 | @aa z 001yy | |
| 200 | 1 | @a光化学和光物理@9guang hua xue he guang wu li@e概念、研究和应用@dPhotochemistry and photophysics@eConcepts, Research, Applications@f(意)Vincenzo Balzani,(意)Paola Ceroni,(意)Alberto Juris著@g马骧,田禾译@zeng |
| 210 | @a上海@c华东理工大学出版社有限公司@d2017.11 | |
| 215 | @a395页@c图@d24cm | |
| 225 | 1 | @a经典化学高等教育译丛 |
| 300 | @a“十三五”国家重点图书 | |
| 330 | @a本书不仅介绍了光化学和光物理领域的原理性概念,典型有机分子体系的光化学反应,而且还介绍了许多金属有机化合物的光化学光物理性能,也介绍了光化学光物理领域国际的最新研究前沿和成果:比如利用光信号进行信息存储的分子体系,使用太阳能转化为电能的分子体系,用于电致发光的有机分子等等。 | |
| 461 | 0 | @12001 @a经典化学高等教育译丛 |
| 510 | 1 | @aPhotochemistry and photophysics@eConcepts, Research, Applications@zeng |
| 517 | 1 | @a概念、研究和应用 |
| 606 | 0 | @a光化学@x研究 |
| 606 | 0 | @a光学@x研究 |
| 690 | @aO644.1@v5 | |
| 690 | @aO43@v5 | |
| 701 | 0 | @c(意)@a巴尔扎尼@9ba er zha ni@c(Balzani, Vincenzo)@4著 |
| 701 | 0 | @c(意)@a切罗尼@9qie luo ni@c(Ceroni, Paola)@4著 |
| 701 | 0 | @c(意)@a尤里斯@9you li si@c(Juris, Alberto)@4著 |
| 702 | 0 | @a马骧@9ma xiang@4译 |
| 702 | @a田禾@9tian he@4译 | |
| 801 | 0 | @aCN@b91MARC@c20180217 |
| 905 | @aMuseLib@dO644.1@e16 | |
| 光化学和光物理:概念、研究和应用=Photochemistry and photophysics:Concepts, Research, Applications/(意)Vincenzo Balzani,(意)Paola Ceroni,(意)Alberto Juris著/马骧,田禾译.-上海:华东理工大学出版社有限公司,2017.11 |
| 395页:图;24cm.-(经典化学高等教育译丛) |
| “十三五”国家重点图书 |
| ISBN 978-7-5628-4885-1(精装):CNY138.00 |
| 本书不仅介绍了光化学和光物理领域的原理性概念,典型有机分子体系的光化学反应,而且还介绍了许多金属有机化合物的光化学光物理性能,也介绍了光化学光物理领域国际的最新研究前沿和成果:比如利用光信号进行信息存储的分子体系,使用太阳能转化为电能的分子体系,用于电致发光的有机分子等等。 |
| ● |
| 相关链接 |
|
|
|
|
正题名:光化学和光物理
索取号:O644.1/16
 
预约/预借
| 序号 | 登录号 | 条形码 | 馆藏地/架位号 | 状态 | 备注 |
| 1 | 1122057 | 211220579 | 第二样本阅览室/ [索取号:O644.1/16] | 在馆 | |
| 2 | 1122058 | 211220588 | 第三借阅区/ [索取号:O644.1/16] | 在馆 | |
| 3 | 1122059 | 211220597 | 化学系资料室/ [索取号:O644.1/16] | 在馆 |